| 000 | 01240nam0a22002891 4500 | ||
|---|---|---|---|
| 001 | rc\3639556 | ||
| 005 | 20230920101922.0 | ||
| 021 |
_aRU _b74-28110 |
||
| 021 |
_aRU _bРг4795-74 |
||
| 035 | _a(NLR Aleph) 007728027 | ||
| 090 |
_a7024525 _c7024525 |
||
| 100 | _a20130115d1974 |||y0rusy50 ca | ||
| 101 | 0 | _arus | |
| 102 | _aRU | ||
| 105 | _aa c ||||| | ||
| 200 | 1 |
_aМетодическое указание применения ультразвука по болевым точкам в лечении больных пояснично-крестцовым радикулитом _fРСФСР. Сочин. территор. совет по упр. курортами профсоюзов. Базовый санаторий им. Орджоникидзе |
|
| 210 |
_aСочи _cБ. и. _d1974 |
||
| 215 |
_a7 с. _cил. _d20 |
||
| 300 | _aВ конце текста сост.: врач К.Б. Фомберштейн | ||
| 702 | 1 |
_aФомберштейн _bК. Б. _4220 |
|
| 712 | 0 | 2 |
_aБазовый санаторий им. С. Орджоникидзе _cСочи _3RU\NLR\AUTH\880564798 _4570 |
| 801 | 0 |
_aRU _bNLR _gpsbo |
|
| 801 | 1 |
_aRU _bELAR _2rusmarc |
|
| 852 |
_aNLR _j73-4/49919 |
||
| 942 | _cBOOK | ||
| 980 | _aNB | ||